<?xml version="1.0" encoding="UTF-8"?>
<collection xmlns="http://www.loc.gov/MARC21/slim">
 <record>
  <leader>01757nam a2200217Ia 4500</leader>
  <controlfield tag="001">TDMU_28613</controlfield>
  <controlfield tag="008">210410s9999    xx            000 0 und d</controlfield>
  <datafield tag="082" ind1=" " ind2=" ">
   <subfield code="a">823.7</subfield>
  </datafield>
  <datafield tag="090" ind1=" " ind2=" ">
   <subfield code="b">G434</subfield>
  </datafield>
  <datafield tag="100" ind1=" " ind2=" ">
   <subfield code="a">Gorki, Macxim</subfield>
  </datafield>
  <datafield tag="245" ind1=" " ind2="0">
   <subfield code="a">Người mẹ</subfield>
  </datafield>
  <datafield tag="245" ind1=" " ind2="0">
   <subfield code="c">Macxim Gorki; Phan Thao (dịch)</subfield>
  </datafield>
  <datafield tag="260" ind1=" " ind2=" ">
   <subfield code="a">H.</subfield>
  </datafield>
  <datafield tag="260" ind1=" " ind2=" ">
   <subfield code="b">Văn học</subfield>
  </datafield>
  <datafield tag="260" ind1=" " ind2=" ">
   <subfield code="c">2016</subfield>
  </datafield>
  <datafield tag="300" ind1=" " ind2=" ">
   <subfield code="a">439tr.</subfield>
  </datafield>
  <datafield tag="520" ind1=" " ind2=" ">
   <subfield code="a">Dịch theo bản Pháp văn của René Huntzbucler; Tác phẩm đầu tiên của phương pháp hiện thực xã hội chủ nghĩa, đánh dấu bước ngoặt cÇŽn bản trên con đường phất triển của nền vÇŽn học nghệ thuật thế giới. Tác phẩm &quot;Người mẹ&quot; vẽ ra trước mắt chúng ta bức tranh rộng lớn của xã hội Nga những nÇŽm đầu thế kỷ XX với cái quá khứ nặng nề trong đời sống của vợ chồng các công nhân Mi-khai-in, với hiện tại đấu tranh gian khổ và anh dũng của mẹ con anh công nhân Paven. Đồng thời cuốn tiểu thuyết còn thấm sâu cảm giác về thắng lợi tất yếu của chủ nghĩa xã hội. Chính vì vậy mà mặc dù &quot;Người mẹ&quot; kết thúc bằng cảnh Người mẹ bị bắt song truyện vẫn làm người đọc lạc quan, tin tưởng ở ngày mai.</subfield>
  </datafield>
  <datafield tag="650" ind1=" " ind2=" ">
   <subfield code="a">Văn học cận đại</subfield>
   <subfield code="v">Tiểu thuyết</subfield>
   <subfield code="z">Nga; Văn học Nga</subfield>
   <subfield code="v">Tiểu thuyết</subfield>
  </datafield>
  <datafield tag="700" ind1=" " ind2=" ">
   <subfield code="a">Phan, Thao</subfield>
  </datafield>
  <datafield tag="856" ind1=" " ind2=" ">
   <subfield code="u">http://lrc.tdmu.edu.vn/opac/search/detail.asp?aID=2&amp;ID=28613</subfield>
  </datafield>
  <datafield tag="980" ind1=" " ind2=" ">
   <subfield code="a">Trung tâm Học liệu Trường Đại học Thủ Dầu Một</subfield>
  </datafield>
 </record>
</collection>
